More than just National Cultural Distance: Testing New Distance Scales on FDI in Slovakia
Pojem vzdialenosti v medzinárodnom obchode. Prehľad literatúry a hypotézy. Metodológia výskumu. Výsledky. Diskusia a závery. Úloha priamych zahraničných investícií a problém vzdialenosti na Slovensku.
Enregistré dans:
| Auteur principal: | |
|---|---|
| Autres auteurs: | |
| Format: | Chapitre de livre |
| Langue: | anglais |
| Sujets: | |
| Tags: |
Pas de tags, Soyez le premier à ajouter un tag!
|
MARC
| LEADER | 00000naa$a2200000$$$4500 | ||
|---|---|---|---|
| 001 | 0114210 | ||
| 005 | 20240502083303.6 | ||
| 041 | 0 | |a eng | |
| 044 | |a NL | ||
| 245 | 1 | 0 | |a More than just National Cultural Distance: Testing New Distance Scales on FDI in Slovakia |c Douglas Dow, Soňa Ferenčíková |
| 520 | |a Pojem vzdialenosti v medzinárodnom obchode. Prehľad literatúry a hypotézy. Metodológia výskumu. Výsledky. Diskusia a závery. Úloha priamych zahraničných investícií a problém vzdialenosti na Slovensku. | ||
| 610 | 2 | 0 | |a investície priame zahraničné |
| 610 | 2 | 0 | |a obchod zahraničný |
| 610 | 2 | 0 | |a výskum |
| 610 | 2 | 0 | |a metodológia |
| 610 | 2 | 0 | |a diskusia |
| 610 | 2 | 0 | |a Slovensko |
| 100 | 1 | |a Dow, Douglas | |
| 700 | 1 | |a Ferenčíková, Soňa, 1960- | |